Kilas dalam kias

Bibliographic Details
Main Author: Pahrol Mohamad Juoi Ustaz , 1961-
Format: Book
Published: Selangor : Galeri Ilmu Sdn. Bhd. , 2019
Subjects:

MARC

LEADER 00000cam a2200000 7i4500
001 0000083888
005 20190723.0
008 190723
020 |a 9789830977706 
041 0 |a Malay 
090 0 0 |a 297.57   |b PAH 
100 0 |a Pahrol Mohamad Juoi   |c Ustaz ,   |d 1961- 
245 0 0 |a Kilas dalam kias   |c Pahrol Mohamad Juoi 
260 |a Selangor :   |b Galeri Ilmu Sdn. Bhd. ,   |c 2019 
300 |a 267p. :   |b col.ill ;   |c 21.5cm. 
541 0 0 |c Purchased on 2019   |f 00138221 GIL   |h RM25.00 
650 0 |a Islam   |x Customs and practices 
650 0 |a Muslims   |x Conduct of life 
650 0 |a Religious life   |x Islam 
999 |a 0001587418   |b Book   |c Adult Collection   |e Cawangan Taman Sri Lambak 
999 |a 0001587419   |b Book   |c Adult Collection   |e Cawangan Batu Pahat 
999 |a 0001587420   |b Book   |c Adult Collection   |e Cawangan Muar 
999 |a 0001587421   |b Book   |c Adult Collection   |e Cawangan Sri Merlong 
999 |a 0001587422   |b Book   |c Adult Collection   |e Cawangan Bukit Gambir 
999 |a 0001587423   |b Book   |c Adult Collection   |e Cawangan Tmn. Ungku Tun Aminah 
999 |a 0001587424   |b Book   |c Adult Collection   |e Cawangan Bandar Penawar 
999 |a 0001587425   |b Book   |c Adult Collection   |e Cawangan Bandar Tenggara 
999 |a 0001587426   |b Book   |c Adult Collection   |e Cawangan Kota Tinggi 
999 |a 0001587427   |b Book   |c Adult Collection   |e Cawangan Tangkak 
999 |a 0001587428   |b Book   |c Adult Collection   |e Cawangan Segamat 
999 |a 0001587429   |b Book   |c Adult Collection   |e Cawangan Pontian 
999 |a 0001587430   |b Book   |c Adult Collection   |e Cawangan Mersing 
999 |a 0001589110   |b Book   |c Adult Collection   |e Perbadanan Perpustakaan Awam Johor 
999 |a 0001589111   |b Book   |c Adult Collection   |e Perbadanan Perpustakaan Awam Johor 
999 |a 0001589112   |b Book   |c Adult Collection   |e Cawangan Urban Transformation Centre 
999 |a 0001589113   |b Book   |c Adult Collection   |e Cawangan AEON Kulaijaya